Statistics for Family Guy Quiz

Click here to take the quiz!

General Stats

  • This quiz has been taken 522 times
  • The average score is 23 of 29

Answer Stats

HintAnswer% Correct
Griffin Familypeter
100%
Pewderschmidt Familylois
99%
lois
99%
meg
99%
brian
98%
stewie
98%
chris
97%
Swanson Familyjoe
97%
bonnie
96%
Brown Familycleveland
93%
Goldman Familymort
90%
Quagmire Familyglenn
89%
loretta
88%
Mayoradam west
86%
News Workerstom tucker
85%
carter
82%
neil
79%
suzie
78%
diane simmons
74%
ollie williams
68%
kevin
64%
barbera
63%
cleveland jr.
62%
muriel
57%
trisha takenawa
56%
patrick
50%
joyce kinney
44%
carol
36%
anna lee
22%

Score Distribution

Percentile by Number Answered

Percent of People with Each Score

Your Score History

You have not taken this quiz